Montpellier HR Squad 2021/22 - Statistics

General Stats
  • This quiz has been taken 23 times
  • The average score is 28 of 42
Answer Stats
Hint Nationality Answer % Correct
Half-fly South Africa Handré POLLARD
100%
Half-fly Italy Paolo GARBISI
100%
Fullback France Anthony BOUTHIER
92%
Center France Arthur VINCENT
92%
Half-scrum South Africa Cobus REINACH
92%
Prop France Enzo FORLETTA
92%
Center South Africa Jan SERFONTEIN
92%
Lock South Africa / France Paul WILLEMSE
92%
Half-scrum France Benoit PAILLAUGUE
83%
Loose Forward France Fulgence OUEDRAOGO
83%
Wing France Gabriel NGANDEBE
83%
Lock France Bastien CHALUREAU
75%
Hooker Australia Brandon PAENGA-AMOSA
75%
Half-scrum Georgia Gela APRASIDZE
75%
Hooker France Guilhem GUIRADO
75%
Wing France Julien TISSERON
75%
Prop Georgia Mikheil NARIASHVILI
75%
Center France Thomas DARMON
75%
Loose Forward France Yacouba CAMARA
75%
Loose Forward England Zach MERCER
75%
Loose Forward France Alexandre BECOGNEE
67%
Center France Geoffrey DOUMAYROU
67%
Prop USA Titi LAMOSITELE
67%
Hooker France Vincent GIUDICELLI
67%
Wing France Vincent RATTEZ
67%
Lock France Florian VERHAEGHE
58%
Loose Forward France Kélian GALLETIER
58%
Loose Forward France Marco TAULEIGNE
58%
Center/Wing Fiji Masivesi DAKUWAQA
58%
Prop France Mohamed HAOUAS
58%
Lock South Africa Nicolaas Janse VAN RENSBURG
58%
Half-scrum France Martin DOAN
50%
Prop France Grégory FICHTEN
42%
Prop England Henry THOMAS
42%
Hooker France Jérémie MAUROUARD
42%
Lock France Mickaël CAPELLI
42%
Prop France Yannick ARROYO
42%
Center France Yvan REILHAC
42%
Wing Fiji Josua VICI
33%
Loose Forward France Martin DEVERGIE
33%
Center France Pierre LUCAS
33%
Prop France Malik HAMADACHE
25%
No matching quizzes found
Score Distribution
Percent of People with Each Score
Percentile by Number Answered
Your Score History
You have not taken this quiz